000 00591nam a2200205Ia 4500
005 20260429112152.0
008 260429s9999||||xx |||||||||||||| ||und||
020 _a9788170334255
041 _aEnglish
082 _a910.72
_bMIS
100 _aMishra, Harikesh N.
245 0 _aResearch methodology in geography :
_bsocial, spatial and policy dimensions /
_cHarikesh N. Mishra
250 _a1st ed.
260 _aJaipur :
_bRawat Publications,
_c2024.
300 _a474 p.; hb
650 _a Research methodology
650 _aGeography
700 _a Singh, Vijai P.
942 _cTB
999 _c52696
_d52696